00820nam a2200229 i 450000100060000000300090000600500170001500700030003200800410003524501370007626000360021330000290024949000470027860000360032560000410036165000350040270000250043770000390046283000470050185200210054885200210056950203ES-MaACL20251118145150.0t|030801q1917 sp ||||1| spa d03aLa Entrevista de Guayaquil b: el Libertador y San Martín / cErnesto de la Cruz... [et al.] ; prólogo de Rufino Blanco Fombona. aMadrid : bAmérica, c[1917?] aXXVII, 283 p. ; c19 cm.1 aBiblioteca de la juventud Hispanoamericana14aBolívar, Simón, d1783-183014aSan Martín, José de, d1778-1850 aEntrevista de Guayaquil, 1822.1 aCruz, Ernesto de la.1 aBlanco Fombona, Rufino,d1874-19440 aBiblioteca de la juventud Hispanoamericana aES-MaACLjF-8439 aES-MaACLjF-6648